00888cam a2200253 a 4500001001000000003000900010005001700019007000300036008004100039040002500080082002300105100003900128245011100167260004600278300003200324590002800356650002500384650002800409700004300437910000700480942001400487952011800501999001500619000003819DO-SdBNP20220921095452.0ta730208s1969 nyua j 000 0 eng  aDO-SdBNPbspacBNPHU 4a823.914bC726g2221 aColum, Padraic,d1881-1972.91157410aThe golden fleece and the heroes who lived before Achilles, /cPadraic Colum; ilustración, Willy Pogany. aNew York :bThe Macmillan Company,c1969. aix, 289 p. :bil. ;c19 cm. aInventariado, 2022 / DG 4aNovela inglesa91071 4aLiteratura inglesa94981 aPogany, Willy,d1882-1955,eil.911575 aDG 2ddccLBS1 00102ddc56708GRaBNPHUbBNPHUcCTd2009-07-13oBNPHU DS 823.914 C726gp3819-10r2020-06-25w2020-06-25yLBS1 c3641d3641